000 00722nam a22002417a 4500
005 20170124110241.0
010 _aA-248629
020 _c00.00
_a9780600501510
035 _aA-248629
037 _bCen Lib/Ret
040 _aDPL
_bEN
082 _a708
_bPOO
100 _aPool, Phoebe
_994914
245 _aDelacroix :
_cby Phoebe Pool
_b49 plates in full colour /
246 _b
260 _aLondon
_bHamlyn Publishing Group
_c1985
270 _bLondon
_aBridge house london road
300 _a49p. :
_c27cm(Hb)
_bill.
490 _aThe colour library of art
650 _aDelacroix, Eugène, -- 1798-1863.
_994915
650 _aDelacroix, Eugène.
_994916
942 _2ddc
_cEN
_h708
_mPOO
999 _c135169
_d135169